To me it's wonderful. (Record no. 2524)

MARC details
000 -LEADER
fixed length control field 00736cam a2200265 4500
001 - CONTROL NUMBER
control field 5119
003 - CONTROL NUMBER IDENTIFIER
control field GBCCL
005 - DATE AND TIME OF LATEST TRANSACTION
control field 20241126110431.0
008 - FIXED-LENGTH DATA ELEMENTS--GENERAL INFORMATION
fixed length control field 720519s1972 nyua 00000aeng
010 ## -
-- 76183634 /MN
035 ## - SYSTEM CONTROL NUMBER
System control number OCM00329566 830506
040 ## - CATALOGING SOURCE
Original cataloging agency DLC
Transcribing agency DLC
Modifying agency LBB
049 ## -
-- LBBK
050 0# -
-- ML420.W24
-- A36
082 ## - DEWEY DECIMAL CLASSIFICATION NUMBER
Classification number 783.7092
-- B
Item number WAT
092 ## - LOCALLY ASSIGNED DEWEY CALL NUMBER (OCLC)
Classification number 783.70924
Item number W329
100 1# - MAIN ENTRY--PERSONAL NAME
Personal name Waters, Ethel,
Dates associated with a name 1896-1977.
9 (RLIN) 5260
245 10 - TITLE STATEMENT
Title To me it's wonderful.
Statement of responsibility, etc. With an introd. by Eugenia Price and Joyce Blackburn.
250 ## - EDITION STATEMENT
Edition statement [1st ed.]
260 0# - PUBLICATION, DISTRIBUTION, ETC.
Place of publication, distribution, etc. New York,
Name of publisher, distributor, etc. Harper & Row
Date of publication, distribution, etc. [1972]
300 ## - PHYSICAL DESCRIPTION
Extent ix, 162 p.
Other physical details ill.
Dimensions 21 cm.
350 ## - PRICE (NR) (BK AM CF MU VM SE) [OBSOLETE]
Price $5.95
600 10 - SUBJECT ADDED ENTRY--PERSONAL NAME
Personal name Waters, Ethel,
Dates associated with a name 1896-1977.
9 (RLIN) 5260
942 ## - ADDED ENTRY ELEMENTS (KOHA)
Source of classification or shelving scheme Dewey Decimal Classification
Koha item type Books
Holdings
Withdrawn status Lost status Source of classification or shelving scheme Damaged status Not for loan Home library Current Library Shelving location Date acquired Total checkouts Full call number Barcode Date last seen Copy number Price effective from Koha item type
    Dewey Decimal Classification     GRACE BIBLE COLLEGE GRACE BIBLE COLLEGE General Studies 2017-08-22   783.7092 WAT 003217 2025-05-01 c.1 2017-08-22 Books
    Dewey Decimal Classification     GRACE BIBLE COLLEGE GRACE BIBLE COLLEGE General Studies 2017-08-22   783.7092 WAT 003218 2025-05-01 c.2 2017-08-22 Books
    Dewey Decimal Classification     GRACE BIBLE COLLEGE GRACE BIBLE COLLEGE General Studies 2017-08-22   783.7092 WAT 003220 2025-05-01 c.4 2017-08-22 Books
    Dewey Decimal Classification     GRACE BIBLE COLLEGE GRACE BIBLE COLLEGE General Studies 2017-08-22   783.7092 WAT 003223 2025-05-01 c.5 2017-08-22 Books
    Dewey Decimal Classification     GRACE BIBLE COLLEGE GRACE BIBLE COLLEGE General Studies 2017-08-22   783.7092 WAT 003219 2025-05-01 c.3 2017-08-22 Books
© Grace Bible College Library 2025